000 00844nam a2200217 a 4500
001 000048926
005 20201002061521.0
008 190502s2016 dr a r 000 0 spa d
040 _aDO-SdBNP
_bspa
_cBNPHU
082 _axxxx
_bG216a
245 0 0 _a"Apuntes de endocrinología clinica" /
_ceditor Ricardo García Martínez ; Francisco Carvajal Martínez ... et al. ; prólogo Antonio Selman Geara.
260 _aSanto Domingo :
_bs.n.,
_c2016.
300 _a241 p. :
_bil. ;
_c21 cm.
500 _aIncluye índice alfabético
500 _aIncluye referencias bibliográficas y notas al pie de las páginas
590 _aInventariado, 2020/BT
700 1 _aDe Jesús Ramírez, Corina de
_976363
700 1 _aDíaz Rodríguez, Jacquelin
_976364
700 1 _aEstrada Muñoz, Mariano
_925903
700 1 _aSelman Geara, Antonio,
_epról.
_976365
999 _c48414
_d48414